[Event "Leipzig VfB op 23rd"]
[Site "Leipzig"]
[Date "2016.03.18"]
[Round "6"]
[White "Weimert, Jens"]
[Black "Ott, Herbert"]
[Result "1-0"]
[WhiteElo "1506"]
[BlackElo "1649"]
[PlyCount "33"]
[EventDate "2016.03.15"]
[EventType "swiss"]
[EventRounds "9"]
[EventCountry "GER"]
[SourceTitle "EXT 2017"]
[Source "ChessBase"]
[SourceDate "2016.10.25"]
[SourceVersion "1"]
[SourceVersionDate "2016.10.25"]
[SourceQuality "1"]

1. e4 c5 2. d4 cxd4 3. c3 e6 4. cxd4 a6 5. Nf3 Be7 6. e5 d6 7. Bd3 dxe5 8. dxe5 Bb4+ 9. Nc3 Ne7 10. 0-0 Ng6 11. Bxg6 Qxd1 12. Bxf7+ Kxf7 13. Rxd1 b5 14. Ne4 h6 15. Bd2 Nc6 16. Rac1 Bd7 17. Bxb4 1-0

[Event "Leipzig VfB op 19th"]
[Site "Leipzig"]
[Date "2012.03.08"]
[Round "4"]
[White "Waschischeck, Tom"]
[Black "Weimert, Jens"]
[Result "1-0"]
[WhiteElo "1584"]
[BlackElo "1432"]
[PlyCount "103"]
[EventDate "2012.03.06"]
[EventType "swiss"]
[EventRounds "9"]
[EventCountry "GER"]
[SourceTitle "CBM 147 Extra"]
[Source "ChessBase"]
[SourceDate "2012.04.24"]
[SourceVersion "1"]
[SourceVersionDate "2012.04.24"]
[SourceQuality "1"]

1. e4 c5 2. Nf3 e6 3. c4 Nc6 4. Nc3 a6 5. d3 Qc7 6. g3 Nge7 7. Bg2 Ng6 8. 0-0 Be7 9. a3 a5 10. Nb5 Qb8 11. h4 h5 12. Nh2 Nf8 13. f4 e5 14. f5 Nd4 15. Nxd4 cxd4 16. g4 Bxh4 17. gxh5 Bf6 18. Qg4 Qd6 19. Bg5 Bxg5 20. Qxg5 Qf6 21. Qxf6 gxf6 22. Ng4 Ra6 23. b4 Ke7 24. h6 Nh7 25. Rfb1 d6 26. Kf2 Rg8 27. Kg3 Ra7 28. Bf3 a4 29. Rc1 b6 30. c5 dxc5 31. bxc5 bxc5 32. Rxc5 Bd7 33. Rb1 Rc8 34. Rxc8 Bxc8 35. Rb4 Bd7 36. Bd1 Rc7 37. Bxa4 Bxa4 38. Rxa4 Rc3 39. Nf2 Ng5 40. Ra7+ Kd6 41. h7 Nxh7 42. Rxf7 Ng5 43. Rxf6+ Ke7 44. Ra6 Nxe4+ 45. Nxe4 Rxd3+ 46. Kf2 Rb3 47. Re6+ Kf8 48. Rxe5 Rxa3 49. Rd5 Ra2+ 50. Kf3 Ra3+ 51. Kf4 Rd3 52. Nc5 1-0